| 000 | 00500cam a2200157 a 4500 | ||
|---|---|---|---|
| 001 | 000002541 | ||
| 005 | 20200929150217.0 | ||
| 008 | 830218s1965 ve 001 0 spa | ||
| 040 |
_aDO-SdBNP _bspa _cBNPHU |
||
| 082 |
_a338.987 _bD441p |
||
| 245 | 0 | 0 | _aDesarrollo y promoción del hombre. |
| 260 |
_aCaracas : _bInstituto para el Desarrollo Económico y Social, _c1965. |
||
| 300 |
_a298 p. ; _c23 cm. |
||
| 650 | 4 |
_aDesarrollo económico _zVenezuela _97988 |
|
| 650 | 4 |
_aDesarrollo social _zVenezuela _97989 |
|
| 999 |
_c2377 _d2377 |
||